• 首页
  • 本馆介绍
  • 公告通知
  • 最新文献
  • 馆藏检索
  • 电子资源
  • 读者导购
  • 参考咨询
  • 我的图书馆
  • 登录
  • 详细信息显示
  • 放入我的书架
  • 预约/预借图书
  • 作者相关作品
  • 分类相关作品
  • 丛书相关作品
  • 出版社相关作品

书目信息

  • 表格格式
  • 工作单格式
  • 卡片格式
题名:
铁血中日
    
 
作者: 李刚 著
分册:  
出版信息: 珠海   珠海出版社  2010
页数: 307页
开本: 24cm
丛书名:
单 册:
中图分类: D829.313
科图分类:
主题词: 中日关系--战争史--史料 , 中日关系 , 战争史
电子资源:
ISBN: 978-7-5453-0379-7
000 00785nam0 2200253 45
001 1237561356
005 20120618090203.73
010    @a978-7-5453-0379-7@dCNY32.00
100    @a20120407d2010 em y0chiy0110 ea
101 0  @achi
102    @aCN@b440000
105    @ay z 000yy
106    @ar
200 1  @a铁血中日@ATie Xue Zhong Ri@f李刚著@FLi Gang Zhu
210    @a珠海@c珠海出版社@d2010
215    @a307页@d24cm
330    @a本书内容包括:鏖战白江口:大和军团挑战大唐远征军;元军东征——“上帝之鞭”折不断武士刀;明万历“抗日援朝”战争——一场准现代国际战争等。
606 0  @a中日关系@x战争史@x史料
606 0  @a中日关系
606 0  @a战争史
690    @aD829.313@v4
701  0 @a李刚@ALi Gang@4著
801  0 @aCN@bTSTCL@c20120604
905    @b0816632-35@dD829.313@e119@f4
    
    铁血中日/李刚著.-珠海:珠海出版社,2010
    307页;24cm
    
    
    ISBN 978-7-5453-0379-7:CNY32.00
    本书内容包括:鏖战白江口:大和军团挑战大唐远征军;元军东征——“上帝之鞭”折不断武士刀;明万历“抗日援朝”战争——一场准现代国际战争等。
●
相关链接 在E读中查询图书 在五车中查询图书 在当当中查询图书 在豆瓣中查询图书


正题名:铁血中日     索取号:D829.313/119         预约/预借

序号 登录号 条形码 馆藏地/架位号 状态 备注
1 0816632   208166321   第一样本阅览室/ [索取号:D829.313/119] 在馆    
2 0816633   208166330   第一借阅区/ [索取号:D829.313/119] 在馆    
3 0816634   208166349   第一借阅区/ [索取号:D829.313/119] 在馆    
4 0816635   208166358   第一借阅区/ [索取号:D829.313/119] 在馆    
唐山师范学院图书馆 欢迎您!
大连网信软件有限公司© 版权所有